[Event "Challenge"]
[Site "http://www.queenalice.com/game.php?id=2517"]
[Date "2004.12.4"]
[Round "-"]
[White "JonnyMac"]
[Black "Pascal"]
[Result "1-0"]
[WhiteElo "1269"]
[BlackElo "1480"]

1. e4 c5 2. Bc4 Nc6 3. Nf3 h6 4. d3 Nf6 5. Nc3 d6 6. O-O Bg4 7. a3 Qd7 8. Rb1
Nd4 9. Bb5 Nxb5 10. a4 Nd4 11. b4 e5 12. bxc5 dxc5 13. Ba3 Be7 14. Rb5 b6 15. h3
Bh5 16. Qb1 1-0

[Event "Challenge"]
[Site "http://www.queenalice.com/game.php?id=2531"]
[Date "2004.12.6"]
[Round "-"]
[White "EdoVillarroel"]
[Black "JonnyMac"]
[Result "1-0"]
[WhiteElo "1609"]
[BlackElo "1289"]

1. e4 e6 2. d4 d5 3. Nc3 Nf6 4. Bg5 Be7 5. e5 Ne4 6. Nxe4 f6 7. exf6 gxf6 8.
Qh5+ Kf8 9. Bh6+ Kg8 10. Qg4+ Kf7 11. Qg7+ Ke8 12. Qxh8+ Kd7 13. Qxd8+ Kxd8 14.
Nc3 Nc6 15. Nf3 Nb4 16. O-O-O Bd6 17. a3 a5 18. axb4 axb4 19. Ne2 b3 20. c3 b5
21. Kd2 b4 22. Ke1 bxc3 23. Nxc3 Rb8 24. h4 Bb4 25. Bd2 h5 26. Nb1 Bxd2+ 27.
Kxd2 Kd7 28. Kc3 Kd6 29. Nfd2 e5 30. Nxb3 exd4+ 31. Nxd4 c5 32. Nf5+ Bxf5 33.
Bd3 d4+ 34. Kc2 Ke5 35. Rhe1+ Kf4 36. g3+ Kf3 37. Bxf5 Kg2 38. Be4+ Kxf2 39.
Rf1+ Kxg3 40. Rf3+ Kxh4 41. Rg1 Re8 42. Bf5 Re2+ 43. Kd1 Rxb2 44. Rh3# 1-0

[Event "Challenge"]
[Site "http://www.queenalice.com/game.php?id=2533"]
[Date "2004.12.6"]
[Round "-"]
[White "JonnyMac"]
[Black "EdoVillarroel"]
[Result "0-1"]
[WhiteElo "1500"]
[BlackElo "1478"]

1. e4 e6 2. d4 d5 3. Nc3 Bb4 4. e5 c5 5. Bb5+ Bd7 6. Bxd7+ Qxd7 7. Ne2 Nc6 8.
dxc5 Bxc5 9. O-O Nxe5 10. Bf4 Ng6 11. Qd2 Nf6 12. Rab1 e5 13. b4 Bd6 14. Qe3 O-O
15. Bg5 d4 16. Nxd4 exd4 17. Qxd4 Bxh2+ 18. Kxh2 Qxd4 19. Nb5 Qe5+ 20. g3 Qxg5
21. Nd6 Ng4+ 22. Kh3 f5 23. Rfe1 f4 24. Rb3 f3 25. Rxf3 Rxf3 26. b5 Nxf2+ 27.
Kg2 Qxg3+ 28. Kf1 Nd3+ 29. Ke2 Ngf4+ 0-1

[Event "Challenge"]
[Site "http://www.queenalice.com/game.php?id=2945"]
[Date "2004.12.19"]
[Round "-"]
[White "dnptrs"]
[Black "JonnyMac"]
[Result "1-0"]
[WhiteElo "1913"]
[BlackElo "1289"]

1. d4 d5 2. Nf3 e6 3. c4 Ne7 4. Nc3 c6 5. e3 Nf5 6. a4 Bb4 7. Bd2 Nd7 8. Qc2 Qf6
9. Rd1 b6 10. Be2 Ba6 11. cxd5 Bxe2 12. Nxe2 a5 13. Bxb4 axb4 14. dxc6 O-O 15.
cxd7 Qe7 16. Ng3 Nh4 17. Nxh4 Qxh4 18. d5 exd5 19. Rxd5 Rab8 20. O-O g6 21. Rfd1
b3 22. Qxb3 Rbd8 23. Qa3 Qc4 24. Qc3 Qxa4 25. Nh5 b5 26. Qg7# 1-0

[Event "millie"]
[Site "http://www.queenalice.com/game.php?id=3502"]
[Date "2005.1.6"]
[Round "-"]
[White "millie"]
[Black "JonnyMac"]
[Result "1-0"]
[WhiteElo "1085"]
[BlackElo "1392"]

1. e3 e5 2. Nf3 Nc6 3. c3 Bc5 4. b4 Be7 5. b5 Na5 6. d3 c5 7. Nxe5 Nh6 8. f3 O-O
9. g4 Bh4+ 10. Kd2 Qg5 11. Ba3 Re8 12. f4 Qxg4 13. Nxg4 Nxg4 14. Qxg4 Bf2 15. e4
d5 16. Qf3 Bh4 17. Bxc5 b6 18. Bd6 dxe4 19. dxe4 Be6 20. Qh5 Rad8 21. e5 Bd5 22.
Rg1 Bf2 23. Rg5 Nc4+ 24. Bxc4 Bxc4 25. Qg4 g6 26. Na3 Be6 27. Qg2 Bc5 28. f5
Bxa3 29. fxe6 Rxe6 30. Qe2 f6 31. Rg4 fxe5 32. Ra4 Bxd6 33. Rxa7 Bb8+ 34. Ke1
Bxa7 35. Qc4 Re8 36. a4 Kg7 37. h3 Bb8 38. a5 e4 39. Qd5 e3 40. Qd7+ Kf6 41.
Qd4+ Kf7 42. Ke2 bxa5 43. Rf1+ Ke7 44. Qc5+ Kd8 45. Rd1+ Bd6 46. Qb6+ Ke7 47.
Qb7+ Kd8 48. Qa8+ Kc7 49. Qxa5+ Kd7 50. Qa7+ Kd8 51. Qa8+ Ke7 52. Qd5 h5 53. b6
Rf8 54. Qg5+ Rff6 55. b7 Bf4 56. Qc5+ Bd6 57. Rxd6 Rf2+ 58. Ke1 e2 59. Qc7+ Kf6
60. Qd8+ Ke5 61. b8=Q Rg2 62. Qa5+ Kf6 63. Qf8# 1-0

[Event "Let's Play Chess!"]
[Site "http://www.queenalice.com/game.php?id=3731"]
[Date "2005.1.12"]
[Round "-"]
[White "alib2004"]
[Black "JonnyMac"]
[Result "1-0"]
[WhiteElo "1500"]
[BlackElo "1464"]

1. e4 e6 2. d4 d5 3. exd5 exd5 4. Nc3 Nf6 5. Be2 Bb4 6. Bd2 Be6 7. Na4 a5 8. a3
Bxd2+ 9. Qxd2 c6 10. Nc5 Qc8 11. Nf3 Ne4 12. Nxe4 dxe4 13. Ng5 Bf5 14. Bc4 Bg6
15. Qf4 O-O 16. O-O-O h6 17. Nxe4 Bh5 18. f3 b5 19. Ba2 b4 20. a4 Na6 21. Bc4
Qd7 22. Bxa6 Rxa6 23. Nc5 Qc8 24. Nxa6 Qxa6 25. Rhe1 Bg6 26. b3 Rd8 27. g4 c5
28. dxc5 Qc8 29. Rxd8+ Qxd8 30. Qd6 Qg5+ 31. Kb1 Qf6 32. Qxf6 gxf6 33. c6 f5 34.
c7 fxg4 35. c8=Q Kg7 36. Qxg4 Kf6 37. Qd4+ Kg5 38. h4+ Kf5 39. Qe5# 1-0

[Event "Let's Play Chess!"]
[Site "http://www.queenalice.com/game.php?id=3760"]
[Date "2005.1.13"]
[Round "-"]
[White "JonnyMac"]
[Black "hulk"]
[Result "0-1"]
[WhiteElo "1469"]
[BlackElo "1700"]

1. d4 d5 2. c4 e6 3. cxd5 exd5 4. Nc3 Nf6 5. Bg5 Be7 6. e3 Nc6 7. Nf3 a6 8. Bd3
Nb4 9. Ne5 Bd6 10. a3 Nxd3+ 11. Qxd3 O-O 12. h4 h6 13. f4 h5 14. Nxd5 Be7 15.
Nxe7+ Qxe7 16. Kd2 Qd6 17. Rag1 b5 18. b4 Bb7 19. Bxf6 gxf6 20. Ng4 hxg4 21. Qf5
Qc6 22. Qxg4+ Kh8 23. Rh3 Rg8 24. Qh5+ Kg7 25. Rg3+ Kf8 26. Rxg8+ Kxg8 27. Rc1
Qxg2+ 28. Qe2 Qd5 29. h5 Qa2+ 30. Rc2 Qxa3 31. Qg4+ Kh7 32. Qf5+ Kg7 33. Rxc7
Qxb4+ 34. Ke2 Qb2+ 35. Kd3 Qb1+ 36. Ke2 Qxf5 37. Rxb7 Rc8 38. Rb6 Rc2+ 39. Kf3
Qxh5+ 40. Ke4 a5 41. f5 b4 42. Kd5 Qxf5+ 43. Kd6 Qe6# 0-1

[Event "Let's Play Chess!"]
[Site "http://www.queenalice.com/game.php?id=3763"]
[Date "2005.1.13"]
[Round "-"]
[White "michas"]
[Black "JonnyMac"]
[Result "1-0"]
[WhiteElo "1477"]
[BlackElo "1348"]

1. b4 c6 2. Bb2 a5 3. a3 axb4 4. axb4 Rxa1 5. Bxa1 Qb6 6. c3 e6 7. e3 d5 8. Qa4
Nf6 9. Qa8 Nfd7 10. Nf3 Bd6 11. Qa2 Qc7 12. c4 Bxb4 13. Bxg7 Rg8 14. Bh6 Rg6 15.
Bf4 Qa5 16. Qxa5 Bxa5 17. Ne5 Rf6 18. Nxd7 Nxd7 19. cxd5 exd5 20. Bd3 Nc5 21.
Bc2 Bf5 22. Bxf5 Rxf5 23. Ke2 Kd7 24. g4 Rf6 25. h4 Re6 26. Rc1 Nb3 27. Rd1 b5
28. d4 Bb4 29. Be5 Bd6 30. Bxd6 Kxd6 31. f4 c5 32. dxc5+ Nxc5 33. Nc3 Na4 34.
Nxb5+ Kd7 35. e4 Rxe4+ 36. Kf3 Nc5 37. Rxd5+ Kc6 38. Nc3 Rc4 39. Rxc5+ Kxc5 40.
Ne4+ Kd4 41. f5 Ke5 42. Ng5 Rc3+ 43. Kg2 Kf4 44. Nxf7 Kxg4 45. f6 Kxh4 46. Ne5
Rg3+ 47. Kh2 Re3 48. f7 Rxe5 49. f8=Q Rg5 50. Qh6+ Kg4 51. Qh3+ Kf4 52. Qxh7 Rg4
53. Qf7+ Kg5 54. Qd5+ Kh4 55. Qd3 Rg3 56. Qxg3+ 1-0

[Event "Let's Play Chess!"]
[Site "http://www.queenalice.com/game.php?id=3764"]
[Date "2005.1.13"]
[Round "-"]
[White "JonnyMac"]
[Black "michas"]
[Result "0-1"]
[WhiteElo "1492"]
[BlackElo "1500"]

1. e4 e6 2. Qe2 a6 3. Nf3 b5 4. d3 Bb7 5. Nbd2 c5 6. b3 g6 7. Bb2 Nf6 8. Ne5 Bg7
9. c4 Nh5 10. Qf3 O-O 11. Be2 d6 12. Ba3 Bxe5 13. Rc1 f5 14. Qe3 Bf4 15. Qh3
Bxd2+ 16. Kxd2 Qg5+ 17. Kc2 Nf4 18. Qe3 h6 19. g3 Nxe2 20. Qxe2 fxe4 21. dxe4
Qe5 22. f3 Rxf3 23. Kd2 Qd4+ 24. Ke1 Re3 25. Bb2 Rxe2+ 26. Kxe2 Qxb2+ 27. Kf3
Qd4 28. Rce1 Nc6 29. Rhf1 Rf8+ 30. Kg2 Rxf1 31. Rxf1 Qxe4+ 0-1

[Event "AUTO-OPEN-38"]
[Site "http://www.queenalice.com/game.php?id=3787"]
[Date "2005.1.13"]
[Round "1"]
[White "diego2907"]
[Black "JonnyMac"]
[Result "0-1"]
[WhiteElo "1472"]
[BlackElo "1419"]

1. e4 e5 2. Bc4 Nf6 3. Nf3 Nc6 4. Ng5 d5 5. exd5 Nd4 6. c3 Bg4 7. f3 Bh5 8. cxd4
e4 9. O-O Qd6 10. d3 Qb6 11. dxe4 h6 12. Qa4+ Nd7 13. Nh3 Qxd4+ 14. Kh1 Bc5 15.
Bf4 O-O 16. Qxd7 Qxc4 17. Bxc7 Qxf1+ 0-1

[Event "AUTO-OPEN-38"]
[Site "http://www.queenalice.com/game.php?id=3788"]
[Date "2005.1.13"]
[Round "1"]
[White "JonnyMac"]
[Black "diego2907"]
[Result "0-1"]
[WhiteElo "1412"]
[BlackElo "1484"]

1. e4 e5 2. Nf3 Nc6 3. Bb5 Nge7 4. Nc3 a6 5. Bxc6 Nxc6 6. b3 f6 7. d3 Bb4 8. Bd2
d6 9. Nd5 a5 10. a3 Bc5 11. Bc3 Nd4 12. Bxd4 exd4 13. h3 O-O 14. a4 c6 15. Nf4
Bb4+ 16. Nd2 Qe7 17. O-O Bxd2 18. Qxd2 Qe5 19. g3 Qg5 20. Rad1 h5 21. h4 Qg4 22.
Kg2 g5 23. f3 Qd7 24. Nxh5 Qh3+ 25. Kg1 Kh7 26. f4 Bg4 27. Rc1 Bxh5 28. Qf2 gxh4
29. gxh4 Rg8+ 0-1

[Event "Let's Play Chess!"]
[Site "http://www.queenalice.com/game.php?id=4295"]
[Date "2005.1.27"]
[Round "-"]
[White "JonnyMac"]
[Black "CastleRook"]
[Result "1-0"]
[WhiteElo "1348"]
[BlackElo "878"]

1. e4 a5 2. Nf3 a4 3. d4 Ra6 4. Bxa6 bxa6 5. c3 Nf6 6. Nbd2 d5 7. exd5 Nxd5 8.
h3 Nf4 9. O-O Qd6 10. Nc4 Qf6 11. Qxa4+ Bd7 12. Qa5 Bb5 13. Qxc7 Nc6 14. Nb6 Qd6
15. Qc8+ Nd8 16. Bxf4 Qxf4 17. a4 Bc6 18. d5 Bb7 19. Qd7# 1-0